|
|
|
|
| LEADER |
00879nab#a2200313#ar4500 |
| 001 |
000099113 |
| 003 |
SVKKK |
| 005 |
20091214134637.0 |
| 008 |
080509c2004 xr |||||||||||||||b|cze |
| FMT |
|
|
|
| 015 |
|
|
|a SNBRB2009/12
|
| 038 |
|
|
|a SVKKK
|
| 040 |
|
|
|a SVKKK
|b slo
|e AACR2
|
| 041 |
0 |
|
|a cze
|
| 044 |
|
|
|a xr
|c CZ
|
| 080 |
|
|
|a 662.66
|2 1997
|
| 100 |
1 |
|
|a Machnikowska, H.
|4 aut
|
| 245 |
1 |
0 |
|a Schopnost puchnutí a extrakce litotypů černých uhlí v polárních organických rozpouštědlech
|c H. Machnikowska, U. Świetlik, S. Jasieńko
|
| 650 |
0 |
4 |
|a čierne uhlie
|x puchnutie
|x organické rozpúšťadlá
|
| 700 |
1 |
|
|a Świetlik, U.
|4 aut
|
| 700 |
1 |
|
|a Jasieńko, S.
|4 aut
|
| 773 |
0 |
|
|t Dokumentační zpravodaj
|g Roč. 49, č. 5-6 (2004), s. 72
|x 0862-3287
|
| 958 |
|
|
|a RK
|
| 974 |
|
|
|a Ni
|
| 992 |
|
|
|a RBX
|
| BAS |
|
|
|
| 852 |
|
|
|a SVKKK
|b BIB
|
| EXP |
|
|
|
| 998 |
|
|
|a HUT
|